[Event "Mislata op 56th"]
[Site "Mislata"]
[Date "2023.08.20"]
[Round "9"]
[White "Radnai, Adam"]
[Black "Perez Gonzalez, Jose Manuel"]
[Result "1/2-1/2"]
[WhiteElo "2257"]
[BlackElo "2199"]
[PlyCount "121"]
[EventDate "2023.08.14"]
[EventType "swiss"]
[EventRounds "9"]
[EventCountry "ESP"]
[SourceTitle "CBM 215 Extra"]
[Source "ChessBase"]
[SourceDate "2023.09.30"]
[SourceVersion "1"]
[SourceVersionDate "2023.09.30"]
[SourceQuality "1"]

1. d4 Nf6 2. Nf3 g6 3. g3 Bg7 4. Bg2 0-0 5. 0-0 d6 6. b3 c5 7. Bb2 cxd4 8. Nxd4 d5 9. c4 dxc4 10. bxc4 Qb6 11. Qb3 Nbd7 12. Rd1 Nc5 13. Qa3 Ne6 14. e3 Bd7 15. Nc3 Rac8 16. Nd5 Nxd5 17. cxd5 Nxd4 18. Bxd4 Bxd4 19. Rxd4 Qc5 20. Qxc5 Rxc5 21. d6 exd6 22. Bxb7 Rb8 23. Bd5 Kf8 24. Rad1 Ke7 25. Re4+ Be6 26. Bxe6 fxe6 27. Ra4 a5 28. Rd2 Rb4 29. Ra3 g5 30. f3 h5 31. Kf2 d5 32. f4 g4 33. Ke2 Kf6 34. Kd3 Kf5 35. Rf2 Rb1 36. Ra4 Rd1+ 37. Rd2 Rcc1 38. Rxa5 Rxd2+ 39. Kxd2 Rh1 40. Kd3 Kf6 41. a4 Rxh2 42. Ra8 e5 43. Rf8+ Ke7 44. Rf5 exf4 45. exf4 Rh3 46. Re5+ Kd6 47. Kd4 Rxg3 48. Rxd5+ Ke6 49. Rxh5 Ra3 50. a5 g3 51. Rg5 g2 52. Rxg2 Ra4+ 53. Ke3 Rxa5 54. Rg6+ Kf7 55. Rb6 Rc5 56. Kd4 Rf5 57. Ke4 Ra5 58. f5 Ra1 59. Rb7+ Kf6 60. Rb6+ Kf7 61. Kf4 1/2-1/2

[Event "Madrid-chT Honor 2223"]
[Site "Madrid"]
[Date "2023.03.19"]
[Round "14.3"]
[White "Perez Gonzalez, Jose Manuel"]
[Black "Renteria Becerra, Jorge Elicer"]
[Result "0-1"]
[WhiteElo "2212"]
[BlackElo "2209"]
[PlyCount "83"]
[EventDate "2022.11.20"]
[EventType "team-tourn"]
[EventRounds "14"]
[EventCountry "ESP"]
[SourceTitle "EXT 2024"]
[Source "ChessBase"]
[SourceDate "2023.10.10"]
[SourceVersion "1"]
[SourceVersionDate "2023.10.10"]
[SourceQuality "1"]
[WhiteTeam "San Fernando de Henares"]
[BlackTeam "Blanco y Negro"]
[WhiteTeamCountry "ESP"]
[BlackTeamCountry "ESP"]

1. e4 c5 2. Nf3 d6 3. d4 cxd4 4. Nxd4 Nf6 5. Nc3 a6 6. Bc4 e6 7. 0-0 Be7 8. a3 0-0 9. Ba2 Nc6 10. Be3 Nxd4 11. Bxd4 b5 12. f4 Bb7 13. Qd3 Qc7 14. Rae1 Rac8 15. Rf3 Qc6 16. Re2 a5 17. e5 dxe5 18. fxe5 Rfd8 19. Nxb5 Ba6 20. exf6 Bxf6 21. Rxf6 Bxb5 22. Qg3 Rxd4 23. Re1 Rd2 24. Rxf7 Qc5+ 25. Kh1 Kxf7 26. Qf4+ Kg8 27. Bxe6+ Kh8 28. Qxd2 Qxc2 29. Qxa5 Bc6 30. Qg5 Re8 31. h3 Qf2 32. Re5 Qxb2 33. Rc5 h6 34. Qg6 Rxe6 35. Qg3 Bxg2+ 36. Qxg2 Re1+ 37. Kh2 Re2 38. Rc8+ Kh7 39. Qxe2 Qxe2+ 40. Kg1 Qe3+ 41. Kg2 Qxa3 42. Rc2 0-1

[Event "Madrid Alcorcon op 1st"]
[Site "Madrid"]
[Date "2022.12.29"]
[Round "8"]
[White "Adan Bermudez, Sergio"]
[Black "Perez Gonzalez, Jose Manuel"]
[Result "1/2-1/2"]
[WhiteElo "2350"]
[BlackElo "2195"]
[PlyCount "57"]
[EventDate "2022.12.26"]
[EventType "swiss"]
[EventRounds "9"]
[EventCountry "ESP"]
[SourceTitle "CBM 212 Extra"]
[Source "ChessBase"]
[SourceDate "2023.03.31"]
[SourceVersion "1"]
[SourceVersionDate "2023.03.31"]
[SourceQuality "1"]

1. c4 Nf6 2. Nc3 g6 3. e4 d6 4. d4 Bg7 5. Be2 c5 6. d5 b5 7. cxb5 a6 8. a4 0-0 9. Nf3 axb5 10. Bxb5 Ba6 11. Bd2 Nbd7 12. 0-0 Qb6 13. Qe2 Rfb8 14. e5 dxe5 15. Nxe5 Nxe5 16. Qxe5 Qd8 17. Rad1 Bxb5 18. axb5 Ne8 19. Qe2 Nd6 20. Rfe1 Rb7 21. Bg5 Bf8 22. Be3 Rc8 23. h3 Qd7 24. Rd2 Nxb5 25. Ne4 Nd4 26. Bxd4 cxd4 27. Rxd4 Qb5 28. Nc3 Qxb2 29. Qxb2 1/2-1/2

[Event "Madrid Alcorcon op 1st"]
[Site "Madrid"]
[Date "2022.12.29"]
[Round "7"]
[White "Perez Gonzalez, Jose Manuel"]
[Black "Nunez Munoz, Jesus"]
[Result "1-0"]
[WhiteElo "2195"]
[BlackElo "2153"]
[PlyCount "131"]
[EventDate "2022.12.26"]
[EventType "swiss"]
[EventRounds "9"]
[EventCountry "ESP"]
[SourceTitle "CBM 212 Extra"]
[Source "ChessBase"]
[SourceDate "2023.03.31"]
[SourceVersion "1"]
[SourceVersionDate "2023.03.31"]
[SourceQuality "1"]

1. e4 c6 2. Nc3 d5 3. Nf3 Bg4 4. h3 Bxf3 5. Qxf3 e6 6. Be2 Nf6 7. 0-0 dxe4 8. Nxe4 Nxe4 9. Qxe4 Nd7 10. d4 Nf6 11. Qd3 Bd6 12. Bg5 Qa5 13. Qd2 Qxd2 14. Bxd2 0-0-0 15. Rad1 Bc7 16. c3 Rd7 17. Bf3 h6 18. Bc1 Rhd8 19. Rde1 Nd5 20. g3 Bb6 21. Re5 Bc7 22. Ree1 Bb6 23. Re5 Bc7 24. Re2 Bb6 25. Rd1 Bc7 26. Kh2 Kb8 27. Bg2 Nf6 28. Rf1 Nd5 29. h4 a6 30. h5 Ka7 31. Bf3 Bb6 32. Rd1 c5 33. dxc5 Bxc5 34. Red2 Nf6 35. Rxd7 Rxd7 36. Rxd7 Nxd7 37. Kg2 b5 38. b4 Bd6 39. Be3+ Kb8 40. Be2 Be5 41. c4 bxc4 42. Bxc4 Kb7 43. Bd2 Nf6 44. b5 axb5 45. Bxb5 Kb6 46. a4 Bd4 47. Kf3 Kc5 48. g4 Nd5 49. Be8 f6 50. Ke2 e5 51. f3 Nc7 52. Bf7 Na6 53. Kd3 Nb4+ 54. Ke4 Nc6 55. Kf5 Kd6 56. Kg6 e4 57. fxe4 Ne5+ 58. Kxg7 Nxg4 59. Kh7 Ke5 60. Bg6 f5 61. Bxf5 Nf6+ 62. Kxh6 Nxe4 63. Bxe4 Kxe4 64. Kg6 Kd5 65. h6 Ke6 66. h7 1-0

[Event "Madrid Alcorcon op 1st"]
[Site "Madrid"]
[Date "2022.12.27"]
[Round "3"]
[White "Perez Gonzalez, Jose Manuel"]
[Black "Madrigal, Ana Daniela"]
[Result "1/2-1/2"]
[WhiteElo "2195"]
[BlackElo "1994"]
[PlyCount "89"]
[EventDate "2022.12.26"]
[EventType "swiss"]
[EventRounds "9"]
[EventCountry "ESP"]
[SourceTitle "CBM 212 Extra"]
[Source "ChessBase"]
[SourceDate "2023.03.31"]
[SourceVersion "1"]
[SourceVersionDate "2023.03.31"]
[SourceQuality "1"]

1. e4 e6 2. d4 d5 3. e5 c5 4. c3 Qb6 5. Nf3 Nc6 6. a3 Nge7 7. b4 cxd4 8. cxd4 Nf5 9. Bb2 Be7 10. Bd3 Bd7 11. Bxf5 exf5 12. Nc3 Be6 13. 0-0 0-0 14. Rc1 Rfc8 15. Na4 Qd8 16. Qd3 Qe8 17. Nc5 b6 18. Nxe6 fxe6 19. Rc2 a5 20. b5 Na7 21. a4 Rxc2 22. Qxc2 Rc8 23. Qb3 Rc4 24. Nd2 Rc7 25. Ba3 Qf8 26. Bxe7 Qxe7 27. g3 Nc8 28. Rd1 Qg5 29. Nf3 Qe7 30. Qe3 h6 31. Rc1 Kf7 32. h4 Ke8 33. Ne1 Kd8 34. Nd3 Rxc1+ 35. Qxc1 Qc7 36. Qxc7+ Kxc7 37. Nf4 Kd7 38. h5 Ke7 39. Kg2 Kf7 40. Ng6 Ne7 41. Nxe7 Kxe7 42. g4 fxg4 43. Kg3 Kf7 44. Kxg4 g5 45. f4 1/2-1/2

[Event "Madrid-chT Honor 2223"]
[Site "Madrid"]
[Date "2022.11.27"]
[Round "2.3"]
[White "Cubas Cabrera, Angel Luis"]
[Black "Perez Gonzalez, Jose Manuel"]
[Result "0-1"]
[WhiteElo "2199"]
[BlackElo "2212"]
[PlyCount "126"]
[EventDate "2022.11.20"]
[EventType "team-tourn"]
[EventRounds "14"]
[EventCountry "ESP"]
[SourceTitle "EXT 2024"]
[Source "ChessBase"]
[SourceDate "2023.10.10"]
[SourceVersion "1"]
[SourceVersionDate "2023.10.10"]
[SourceQuality "1"]
[WhiteTeam "Alcorcon Diagonal"]
[BlackTeam "San Fernando de Henares"]
[WhiteTeamCountry "ESP"]
[BlackTeamCountry "ESP"]

1. d4 Nf6 2. c4 c5 3. d5 b5 4. cxb5 a6 5. b6 e6 6. Nc3 exd5 7. Nxd5 Nxd5 8. Qxd5 Nc6 9. e4 Be7 10. Bc4 0-0 11. Nf3 Rb8 12. 0-0 Na5 13. Bf4 Rxb6 14. b3 Bb7 15. Qd3 Nxc4 16. bxc4 Re6 17. Nd2 Bg5 18. Bxg5 Qxg5 19. f3 Bc6 20. Rae1 Rfe8 21. Re2 Qe5 22. Ref2 Rd6 23. Qa3 f5 24. exf5 Qxf5 25. Nb3 Rd3 26. Qxc5 Qxc5 27. Nxc5 Rc3 28. Nxa6 Rxc4 29. Rb2 Ra8 30. Rb8+ Kf7 31. Rxa8 Bxa8 32. a3 Bc6 33. Nb4 Ba4 34. Kf2 Rc3 35. Ra1 Ke6 36. Re1+ Kf7 37. Re3 Rc1 38. f4 Bb5 39. g4 Rf1+ 40. Kg3 Rg1+ 41. Kf3 d6 42. Ke4 Rxg4 43. Rg3 Rh4 44. Rg2 Rh3 45. Ra2 Bc4 46. Ra1 Rxh2 47. Kd4 Be6 48. a4 Rb2 49. Nd3 Rb8 50. a5 h5 51. a6 Ra8 52. Nf2 h4 53. Ke4 Ra7 54. Kf3 Bc8 55. Rh1 Rxa6 56. Rxh4 Ra3+ 57. Ke2 Bf5 58. Rh5 g6 59. Rh8 Ke7 60. Rb8 d5 61. Rb6 d4 62. Rc6 Re3+ 63. Kd2 Rf3 0-1

[Event "Mislata op rapid"]
[Site "Mislata"]
[Date "2022.08.18"]
[Round "5"]
[White "Perez Gonzalez, Jose Manuel"]
[Black "Gonzalvez Tamarit, Ruben"]
[Result "1-0"]
[WhiteElo "2196"]
[BlackElo "2036"]
[PlyCount "143"]
[EventDate "2022.08.15"]
[EventType "swiss (rapid)"]
[EventRounds "8"]
[EventCountry "ESP"]
[SourceTitle "EXT 2024"]
[Source "ChessBase"]
[SourceDate "2023.10.10"]
[SourceVersion "1"]
[SourceVersionDate "2023.10.10"]
[SourceQuality "1"]

1. e4 e5 2. Bc4 Nf6 3. d4 exd4 4. Nf3 Nc6 5. e5 d5 6. Bb5 Ne4 7. Nxd4 Bd7 8. Bxc6 bxc6 9. 0-0 Bc5 10. f3 Ng5 11. Be3 0-0 12. f4 Ne4 13. Nd2 Nxd2 14. Qxd2 Qe7 15. Nb3 Bb6 16. Qc3 f6 17. Bc5 fxe5 18. fxe5 Rf5 19. Rxf5 Bxc5+ 20. Qxc5 Qxc5+ 21. Nxc5 Bxf5 22. c3 Kf7 23. Rf1 Kg6 24. Rf4 Re8 25. Ra4 Rxe5 26. Kf2 a5 27. Rxa5 Bg4 28. h3 Bd1 29. b4 Re2+ 30. Kg1 Rc2 31. Ra6 Rxc3 32. Rxc6+ Kf5 33. Rxc7 Be2 34. Rxg7 h5 35. Rf7+ Kg6 36. Rd7 Rc4 37. Rd6+ Kf7 38. a3 Rd4 39. Kf2 Bc4 40. a4 Rd2+ 41. Kg1 d4 42. b5 Rd1+ 43. Kh2 Bf1 44. Ne4 d3 45. b6 Ke7 46. Rd5 Rb1 47. Rb5 Rxb5 48. axb5 Kd7 49. Nd2 Be2 50. Kg3 Kc8 51. Kf2 Kb7 52. Nc4 Bd1 53. Ke3 Be2 54. g3 Bf1 55. h4 Be2 56. Ne5 Kxb6 57. Nxd3 Bd1 58. Nf2 Ba4 59. Kf4 Bxb5 60. Kg5 Be8 61. Nd3 Kc6 62. Nf4 Kd6 63. Nxh5 Ke7 64. Nf6 Bc6 65. Kg6 Kf8 66. g4 Ba4 67. g5 Bc2+ 68. Kh6 Kf7 69. h5 Bd3 70. Ng4 Kg8 71. g6 Kh8 72. g7+ 1-0

[Event "Mislata op rapid"]
[Site "Mislata"]
[Date "2022.08.16"]
[Round "2"]
[White "Mellado Sais, Carles"]
[Black "Perez Gonzalez, Jose Manuel"]
[Result "1/2-1/2"]
[WhiteElo "1530"]
[BlackElo "2196"]
[PlyCount "75"]
[EventDate "2022.08.15"]
[EventType "swiss (rapid)"]
[EventRounds "8"]
[EventCountry "ESP"]
[SourceTitle "EXT 2024"]
[Source "ChessBase"]
[SourceDate "2023.10.10"]
[SourceVersion "1"]
[SourceVersionDate "2023.10.10"]
[SourceQuality "1"]

1. d4 Nf6 2. c4 c5 3. d5 b5 4. Qc2 bxc4 5. e4 d6 6. Bxc4 g6 7. Nf3 Bg7 8. 0-0 0-0 9. Nc3 Ba6 10. Qe2 Bxc4 11. Qxc4 Nbd7 12. Rd1 Rb8 13. Qe2 Qb6 14. Nd2 Ne8 15. Nc4 Qa6 16. Re1 Rb4 17. Nd2 Qxe2 18. Rxe2 Nc7 19. a3 Rbb8 20. Nc4 Ne5 21. Nxe5 Bxe5 22. Bg5 f6 23. Bh6 Rfc8 24. Rc1 Rb3 25. Rcc2 Bxc3 26. Rxc3 Rxc3 27. bxc3 Rb8 28. f4 Rb3 29. c4 Kf7 30. e5 dxe5 31. fxe5 fxe5 32. Rxe5 Ne8 33. Be3 Rxa3 34. Bxc5 Ra1+ 35. Kf2 Nd6 36. Re6 Nf5 37. g4 Ra5 38. gxf5 1/2-1/2

[Event "Mislata op rapid"]
[Site "Mislata"]
[Date "2022.08.15"]
[Round "1"]
[White "Perez Gonzalez, Jose Manuel"]
[Black "Juan Mas, Santiago"]
[Result "1-0"]
[WhiteElo "2196"]
[BlackElo "1893"]
[PlyCount "110"]
[EventDate "2022.08.15"]
[EventType "swiss (rapid)"]
[EventRounds "8"]
[EventCountry "ESP"]
[SourceTitle "EXT 2024"]
[Source "ChessBase"]
[SourceDate "2023.10.10"]
[SourceVersion "1"]
[SourceVersionDate "2023.10.10"]
[SourceQuality "1"]

1. e4 c5 2. Nf3 a6 3. c3 d5 4. exd5 Nf6 5. d4 cxd4 6. cxd4 g6 7. Nc3 Bg7 8. Bd3 0-0 9. 0-0 Nbd7 10. d6 exd6 11. Bf4 Nb6 12. Re1 Be6 13. Ng5 Bc4 14. Bc2 Nfd5 15. Bc1 Re8 16. Rxe8+ Qxe8 17. Nge4 Qc6 18. Bg5 Nxc3 19. Nxc3 Re8 20. Qd2 Bd5 21. Nxd5 Qxd5 22. Be3 Nc4 23. Bb3 b5 24. Rc1 Qe4 25. Bxc4 bxc4 26. Rxc4 Qb1+ 27. Qc1 Qxa2 28. h3 h5 29. Rc6 Qd5 30. Rxa6 Bxd4 31. Qd2 Qb5 32. Rxd6 Be5 33. Rb6 Qc4 34. Rb4 Qa6 35. g3 Qa1+ 36. Kh2 h4 37. Rxh4 Bxb2 38. Qd7 Qa8 39. Rf4 Rf8 40. Bd4 Bxd4 41. Qxd4 Qd8 42. Qc3 Qd5 43. Rh4 f6 44. Qe3 Qa2 45. Rg4 Kg7 46. Re4 Rf7 47. Rh4 g5 48. Rg4 Qa7 49. Qf3 Qb7 50. Qc3 Qd5 51. h4 Kh6 52. Qe3 Kh5 53. Rd4 Qe5 54. Qf3+ Kg6 55. Rd5 Qe6 1-0

[Event "ESP-ch 86th"]
[Site "Linares"]
[Date "2021.08.18"]
[Round "3"]
[White "Del Rio de Angelis, Salvador Gabriel"]
[Black "Perez Gonzalez, Jose Manuel"]
[Result "1-0"]
[WhiteElo "2511"]
[BlackElo "2199"]
[PlyCount "55"]
[EventDate "2021.08.16"]
[EventType "swiss"]
[EventRounds "9"]
[EventCountry "ESP"]
[SourceTitle "CBM 204 Extra"]
[Source "ChessBase"]
[SourceDate "2021.11.30"]
[SourceVersion "1"]
[SourceVersionDate "2021.11.30"]
[SourceQuality "1"]

1. d4 Nf6 2. c4 e6 3. Nc3 Bb4 4. e3 b6 5. Bd3 Bb7 6. Nf3 0-0 7. 0-0 c5 8. Re1 d5 9. cxd5 Nxd5 10. Bd2 cxd4 11. exd4 Nc6 12. a3 Be7 13. Qc2 Nf6 14. Be3 Rc8 15. Rad1 g6 16. Bh6 Re8 17. Qe2 Qc7 18. h3 Red8 19. Bb1 Rd7 20. Ba2 Bf8 21. Bg5 Nd5 22. Nxd5 exd5 23. Qd2 Qb8 24. b4 Ba6 25. Rc1 Nd8 26. Ne5 Rdc7 27. Bxd8 Rxd8 28. Nc6 1-0

[Event "Madrid-chT 1920 Honor"]
[Site "Madrid"]
[Date "2020.03.08"]
[Round "12.4"]
[White "Alcazar Jimenez, Jesus Alberto"]
[Black "Perez Gonzalez, Jose Manuel"]
[Result "1/2-1/2"]
[WhiteElo "2142"]
[BlackElo "2175"]
[PlyCount "78"]
[EventDate "2019.11.24"]
[EventType "team-tourn"]
[EventRounds "12"]
[EventCountry "ESP"]
[SourceTitle "EXT 2021"]
[Source "ChessBase"]
[SourceDate "2020.10.23"]
[SourceVersion "1"]
[SourceVersionDate "2020.10.23"]
[SourceQuality "1"]
[WhiteTeam "Getafe"]
[BlackTeam "Liberty Chess"]
[WhiteTeamCountry "ESP"]
[BlackTeamCountry "ESP"]

1. e4 c5 2. Nf3 g6 3. d4 cxd4 4. Nxd4 Nc6 5. Nc3 Bg7 6. Nb3 Nf6 7. Be2 0-0 8. 0-0 d6 9. Re1 Be6 10. Bf1 a5 11. a4 Bxb3 12. cxb3 e6 13. Bc4 Nb4 14. Bg5 h6 15. Be3 d5 16. exd5 Nfxd5 17. Nxd5 exd5 18. Bb5 Rc8 19. Rc1 d4 20. Bf4 Nd5 21. Rxc8 Qxc8 22. Be5 Bxe5 23. Rxe5 Rd8 24. Bc4 Nb6 25. Bd3 Qc7 26. Qe1 Rd5 27. Re7 Rd7 28. Re8+ Kg7 29. h4 Nd5 30. Bc4 Nf6 31. Re2 d3 32. Rd2 Ng4 33. g3 Ne5 34. Qe4 f5 35. Qe3 Nxc4 36. bxc4 Qxc4 37. Qe5+ Kh7 38. Qxa5 b6 39. Qb5 Qxb5 1/2-1/2

[Event "Madrid-chT 1920 Honor"]
[Site "Madrid"]
[Date "2020.02.09"]
[Round "8.3"]
[White "Perez Gonzalez, Jose Manuel"]
[Black "Martinez Fernandez, Raul"]
[Result "0-1"]
[WhiteElo "2205"]
[BlackElo "2201"]
[PlyCount "104"]
[EventDate "2019.11.24"]
[EventType "team-tourn"]
[EventRounds "12"]
[EventCountry "ESP"]
[SourceTitle "EXT 2021"]
[Source "ChessBase"]
[SourceDate "2020.10.23"]
[SourceVersion "1"]
[SourceVersionDate "2020.10.23"]
[SourceQuality "1"]
[WhiteTeam "Liberty Chess"]
[BlackTeam "San Sebastian de los Reyes"]
[WhiteTeamCountry "ESP"]
[BlackTeamCountry "ESP"]

1. e4 e5 2. Nf3 Nc6 3. Nc3 Nf6 4. d4 exd4 5. Nd5 Nb4 6. Nxd4 Nbxd5 7. exd5 Nxd5 8. Nf5 Ne7 9. Ng3 d6 10. Bd3 Ng6 11. 0-0 Be7 12. Nh5 0-0 13. Bd2 Ne5 14. Be2 f5 15. Bc3 f4 16. Qd5+ Kh8 17. Bxe5 dxe5 18. Qxe5 Rf7 19. Bc4 Bd6 20. Qd4 Qf8 21. Rae1 Bg4 22. Bxf7 Qxf7 23. Nxf4 Qxf4 24. Qxf4 Bxf4 25. Re4 g5 26. g3 Bf3 27. Re7 Bd6 28. Rf7 Bg4 29. h3 Bxh3 30. Re1 Bg4 31. Re4 h5 32. f3 Kg8 33. Rf6 Bc5+ 34. Kg2 Kg7 35. fxg4 Kxf6 36. gxh5 Rd8 37. Kf3 Rd2 38. Rc4 Bd6 39. g4 Rh2 40. a4 a5 41. b3 Ke5 42. Re4+ Kd5 43. c4+ Kc5 44. Re8 Kb4 45. Rb8 b6 46. Ke4 Kxb3 47. Kf5 Kxa4 48. Kxg5 Kb3 49. Kg6 a4 50. h6 a3 51. Re8 a2 52. Re1 Be5 0-1

[Event "De los Reyes op 21st"]
[Site "De los Reyes"]
[Date "2019.12.06"]
[Round "7"]
[White "Perez Gonzalez, Jose Manuel"]
[Black "Aziz Ortego, Omar Luis"]
[Result "1-0"]
[WhiteElo "2161"]
[BlackElo "1990"]
[PlyCount "105"]
[EventDate "2019.11.30"]
[EventType "swiss"]
[EventRounds "9"]
[EventCountry "ESP"]
[SourceTitle "CBM 193 Extra"]
[Source "ChessBase"]
[SourceDate "2020.01.31"]
[SourceVersion "1"]
[SourceVersionDate "2020.01.31"]
[SourceQuality "1"]

1. e4 e6 2. d4 d5 3. Nd2 c6 4. Ngf3 dxe4 5. Nxe4 Nd7 6. Bd3 Ngf6 7. c3 Nxe4 8. Bxe4 Nf6 9. Bd3 Bd6 10. Bg5 Qc7 11. 0-0 h6 12. Bh4 Ng4 13. Bg3 Bxg3 14. hxg3 h5 15. Re1 Bd7 16. Bf5 Nh6 17. Bd3 0-0-0 18. Ne5 Rdg8 19. Qxh5 Be8 20. Qe2 g5 21. Nc4 Qe7 22. g4 Qc7 23. g3 f5 24. Qxe6+ Bd7 25. Qe5 Nxg4 26. Qxc7+ Kxc7 27. Re7 Nh6 28. Ne5 Rd8 29. Kg2 Rhe8 30. Rxd7+ Rxd7 31. Nxd7 Kxd7 32. Rh1 Re6 33. Rh5 g4 34. Rxf5 Kd6 35. Rh5 b6 36. Rg5 c5 37. dxc5+ bxc5 38. Bc4 Rf6 39. b4 cxb4 40. cxb4 Kc6 41. Be2 Nf7 42. Rxg4 Ne5 43. Rf4 Rd6 44. Rf5 Nd7 45. Bb5+ Kb6 46. Bxd7 Rxd7 47. a4 Rd2 48. Rf6+ Kb7 49. Rf7+ Ka6 50. b5+ Kb6 51. a5+ Kxa5 52. Rxa7+ Kxb5 53. Rc7 1-0

[Event "De los Reyes op 21st"]
[Site "De los Reyes"]
[Date "2019.12.05"]
[Round "6"]
[White "Perez Gonzalez, Jose Manuel"]
[Black "Martinez Fernandez, Raul"]
[Result "1/2-1/2"]
[WhiteElo "2161"]
[BlackElo "2203"]
[PlyCount "86"]
[EventDate "2019.11.30"]
[EventType "swiss"]
[EventRounds "9"]
[EventCountry "ESP"]
[SourceTitle "CBM 193 Extra"]
[Source "ChessBase"]
[SourceDate "2020.01.31"]
[SourceVersion "1"]
[SourceVersionDate "2020.01.31"]
[SourceQuality "1"]

1. e4 e5 2. Nf3 Nc6 3. Bc4 Nf6 4. d3 Bc5 5. Nc3 d6 6. Bg5 h6 7. Bxf6 Qxf6 8. Nd5 Qd8 9. c3 a6 10. d4 Ba7 11. dxe5 dxe5 12. Nb4 Qxd1+ 13. Rxd1 Nxb4 14. cxb4 f6 15. h3 Bd7 16. Bf7+ Ke7 17. Nh4 Rhd8 18. Bc4 Bc6 19. Nf5+ Kf8 20. f3 Rxd1+ 21. Kxd1 Rd8+ 22. Ke2 h5 23. g4 Be8 24. Ng3 h4 25. Nf5 g5 26. Rd1 Rxd1 27. Kxd1 Bf7 28. Bxf7 Kxf7 29. Ke2 Ke6 30. Kd3 c6 31. Kc4 Kd7 32. a3 Bb8 33. Kd3 Bc7 34. Kc4 Bd8 35. Kd3 Bb6 36. Kc4 Bf2 37. Kd3 c5 38. bxc5 Bxc5 39. b4 Bf8 40. Ne3 Be7 41. Nd5 Bd8 42. Kc4 Kc6 43. a4 b5+ 1/2-1/2

[Event "De los Reyes op 21st"]
[Site "De los Reyes"]
[Date "2019.12.02"]
[Round "3"]
[White "Ramos Fernandez, Pedro"]
[Black "Perez Gonzalez, Jose Manuel"]
[Result "0-1"]
[WhiteElo "2008"]
[BlackElo "2161"]
[PlyCount "93"]
[EventDate "2019.11.30"]
[EventType "swiss"]
[EventRounds "9"]
[EventCountry "ESP"]
[SourceTitle "CBM 193 Extra"]
[Source "ChessBase"]
[SourceDate "2020.01.31"]
[SourceVersion "1"]
[SourceVersionDate "2020.01.31"]
[SourceQuality "1"]

1. e4 c5 2. Nf3 g6 3. d4 cxd4 4. Nxd4 Nc6 5. Nc3 Bg7 6. Be3 Nf6 7. Be2 0-0 8. Nb3 d6 9. 0-0 Be6 10. f4 Qc8 11. Bd3 Ng4 12. Bf2 Nxf2 13. Kxf2 a5 14. a4 Nb4 15. Kg1 Bxc3 16. bxc3 Qxc3 17. Rb1 Rac8 18. Kh1 b6 19. Nc1 Qc6 20. Ne2 Qxa4 21. Qe1 Bc4 22. Bxc4 Rxc4 23. c3 Nd3 24. Qg3 Nc5 25. e5 Qc2 26. Nd4 Qxc3 27. Qxc3 Rxc3 28. exd6 exd6 29. Rxb6 Ne4 30. Ra6 Ra3 31. f5 a4 32. g4 Ra2 33. Kg1 Ng5 34. Rc1 Rd2 35. Nc6 Nf3+ 36. Kf1 Nxh2+ 37. Ke1 Nf3+ 38. Kf1 Re8 39. f6 Nh2+ 40. Kg1 Nxg4 41. Ne7+ Kf8 42. Ra7 Nxf6 43. Rcc7 Rb8 44. Nxg6+ fxg6 45. Rf7+ Kg8 46. Rxf6 Rb1+ 47. Rf1 0-1

[Event "Madrid-chT 1920 Honor"]
[Site "Madrid"]
[Date "2019.12.01"]
[Round "2.4"]
[White "Ruperez Benito, Antonio"]
[Black "Perez Gonzalez, Jose Manuel"]
[Result "1/2-1/2"]
[WhiteElo "2349"]
[BlackElo "2161"]
[PlyCount "88"]
[EventDate "2019.11.24"]
[EventType "team-tourn"]
[EventRounds "12"]
[EventCountry "ESP"]
[SourceTitle "EXT 2021"]
[Source "ChessBase"]
[SourceDate "2020.10.23"]
[SourceVersion "1"]
[SourceVersionDate "2020.10.23"]
[SourceQuality "1"]
[WhiteTeam "Villalba 64"]
[BlackTeam "Liberty Chess"]
[WhiteTeamCountry "ESP"]
[BlackTeamCountry "ESP"]

1. e4 c5 2. Nf3 g6 3. d4 cxd4 4. Qxd4 Nf6 5. Nc3 Nc6 6. Qa4 d6 7. e5 dxe5 8. Nxe5 Bd7 9. Nxd7 Nxd7 10. Bb5 Bg7 11. 0-0 0-0 12. Rd1 Qc8 13. Nd5 Nb6 14. Nxb6 axb6 15. Qc4 Rd8 16. Rxd8+ Qxd8 17. c3 Na7 18. Be3 Rc8 19. Qe2 Nxb5 20. Qxb5 Rc6 21. a4 Rd6 22. Qb3 e6 23. Kf1 Bf8 24. Ke2 Qh4 25. h3 Qh5+ 26. Ke1 Qa5 27. Rd1 Rxd1+ 28. Qxd1 b5 29. axb5 Qxb5 30. Qe2 Qd5 31. f3 Bc5 32. b4 Bxe3 33. Qxe3 h5 34. Qe4 Qb3 35. Qd3 Qb2 36. Qd2 Qb3 37. Kf2 h4 38. Qd8+ Kg7 39. Qd4+ Kg8 40. f4 Qc2+ 41. Kf3 b5 42. Qd8+ Kg7 43. Qd4+ Kg8 44. Qd8+ Kg7 1/2-1/2

[Event "De los Reyes op 21st"]
[Site "De los Reyes"]
[Date "2019.11.30"]
[Round "1"]
[White "Savchuk, Olga"]
[Black "Perez Gonzalez, Jose Manuel"]
[Result "0-1"]
[WhiteElo "1611"]
[BlackElo "2161"]
[PlyCount "84"]
[EventDate "2019.11.30"]
[EventType "swiss"]
[EventRounds "9"]
[EventCountry "ESP"]
[SourceTitle "CBM 193 Extra"]
[Source "ChessBase"]
[SourceDate "2020.01.31"]
[SourceVersion "1"]
[SourceVersionDate "2020.01.31"]
[SourceQuality "1"]

1. e4 c5 2. Nf3 d6 3. d4 cxd4 4. Nxd4 Nf6 5. Nc3 a6 6. a4 Nc6 7. Be2 g6 8. Be3 Bg7 9. 0-0 0-0 10. Qd2 Bd7 11. Rad1 Rc8 12. Nb3 Ne5 13. Qc1 Nc4 14. Bxc4 Rxc4 15. Rd4 Qc7 16. Bh6 Rc8 17. Bxg7 Kxg7 18. Qe3 Be6 19. Kh1 b5 20. axb5 axb5 21. Nxb5 Qb7 22. Nc3 Rxd4 23. Qxd4 Bxb3 24. cxb3 Qxb3 25. Qd2 Rb8 26. Rb1 Rb4 27. f3 e6 28. h3 d5 29. e5 Nd7 30. Qg5 h6 31. Qg3 Qc2 32. Qe1 Rxb2 33. Rxb2 Qxb2 34. f4 Nc5 35. Qh4 Qxc3 36. Qf6+ Kg8 37. Qd8+ Kh7 38. Qf6 Qa1+ 39. Kh2 Qa7 40. h4 Ne4 41. Qd8 Qf2 42. Qf8 Qxf4+ 0-1

[Event "ESP-chT CECLUB Div2"]
[Site "Linares"]
[Date "2019.08.22"]
[Round "6.8"]
[White "Perez Gonzalez, Jose Manuel"]
[Black "Gonzalez Aguirre, Luis"]
[Result "1/2-1/2"]
[WhiteElo "2218"]
[BlackElo "2112"]
[PlyCount "142"]
[EventDate "2019.08.19"]
[EventType "team-swiss"]
[EventRounds "7"]
[EventCountry "ESP"]
[SourceTitle "EXT 2020"]
[Source "ChessBase"]
[SourceDate "2019.10.17"]
[SourceVersion "1"]
[SourceVersionDate "2019.10.17"]
[SourceQuality "1"]
[WhiteTeam "Liberty Chess"]
[BlackTeam "Ateneo Maritimo"]
[WhiteTeamCountry "ESP"]
[BlackTeamCountry "ESP"]

1. e4 c6 2. d4 d5 3. e5 Bf5 4. Nc3 Qb6 5. Nf3 e6 6. Be2 Nd7 7. 0-0 Ne7 8. b3 h6 9. Na4 Qd8 10. c4 Bh7 11. Ba3 Nf5 12. Bxf8 Nxf8 13. c5 Nd7 14. Rc1 0-0 15. Bd3 Nh4 16. Bxh7+ Kxh7 17. Nxh4 Qxh4 18. Rc3 Qe7 19. Re3 Kg8 20. Qg4 f6 21. exf6 Rxf6 22. Rfe1 Re8 23. Nb2 Qf7 24. Nd3 Rg6 25. Qe2 Qf6 26. Ne5 Nxe5 27. Rxe5 Qf4 28. Qe3 Qxe3 29. R1xe3 Rg4 30. Rd3 Rf4 31. g3 Rf5 32. Re2 Kf7 33. Rde3 Kf6 34. Kg2 g5 35. f3 Re7 36. b4 a6 37. a4 Re8 38. h3 h5 39. Re5 Re7 40. Kf2 Rxe5 41. Rxe5 Rh7 42. h4 gxh4 43. gxh4 Rh6 44. f4 Kf7 45. Kf3 Kf6 46. f5 exf5 47. Kf4 Rh7 48. Rxf5+ Kg6 49. Rg5+ Kh6 50. Ke5 Re7+ 51. Kd6 Re4 52. Kc7 Rxh4 53. Rg1 Rxd4 54. Kxb7 Rxb4+ 55. Kxc6 d4 56. Kd5 Rxa4 57. c6 Ra2 58. Rd1 d3 59. Rxd3 Rc2 60. Rd4 Kg5 61. Rc4 Rd2+ 62. Kc5 Rd8 63. c7 Rc8 64. Kb6 h4 65. Kxa6 h3 66. Kb7 Rxc7+ 67. Rxc7 Kg4 68. Rh7 Kg3 69. Kc6 h2 70. Kd5 Kg2 71. Rxh2+ Kxh2 1/2-1/2